000 00619nam a2200169 i 4500
001 146536
003 ES-MaACL
005 20230906201554.0
007 t|
008 070911s1935 it ||||1| ita d
100 1 _aTosi, Vincenzo.
_9111101
245 1 0 _aEconomia politica al uso degli Istituti Tecnici Commerciali in tutoconforme ai programmi approvati con RD. 15 maggio 1933.
260 _aMilano :
_b[Stucchi],
_c1935.
300 _a2 v. ;
_c23 cm.
500 _aContiene: v.-- Nozioni fondamentali. Produzio e distribuzione.-- v. II.--Circolazione. Consumo. Politica economica.
852 _aES-MaACL
_jA-3676-77
999 _c146536
_d146536